Leer la Biblia hoy: desafíos para las Iglesias. Actas del Coloquio del ISEO
Uloženo v:
| Hlavní autor: | |
|---|---|
| Médium: | Kniha |
| Jazyk: | španělština |
| Vydáno: |
Pamplona
Verbo Divino
2008
|
| Vydání: | 1a. ed |
| Edice: | Cuadernos Bíblicos, 141
|
| Témata: | |
| Tagy: |
Přidat tag
Žádné tagy, Buďte první, kdo vytvoří štítek k tomuto záznamu!
|
MARC
| LEADER | 00000cam a2200000 a 4500 | ||
|---|---|---|---|
| 001 | UCD4335 | ||
| 003 | CL-VaPUC | ||
| 008 | 160708e20080000sp |||||||||||||||||spa|d | ||
| 020 | |a 9788481698503 | ||
| 082 | 0 | 4 | |a 270 |b BIL |2 21 |
| 100 | 0 | |a Billon, Gerard |e author |9 588014 | |
| 245 | 1 | 0 | |a Leer la Biblia hoy: desafíos para las Iglesias. Actas del Coloquio del ISEO |
| 250 | |a 1a. ed | ||
| 300 | |a 136 p | ||
| 942 | |c BK | ||
| 945 | |d 20160708 23:22:00 |a dcastane | ||
| 260 | |a Pamplona |b Verbo Divino |c 2008 | ||
| 650 | 0 | |a Biblia |9 257603 | |
| 650 | 0 | |a Enseñanza de la religión |9 432005 | |
| 650 | 0 | |a Sagradas escrituras |9 349657 | |
| 583 | |a last modification |c 20170828 10:40:42 |k Rodrigo Vera | ||
| 490 | 0 | |a Cuadernos Bíblicos, 141 | |
| 999 | |c 365257 |d 365255 | ||
| 952 | |0 0 |1 0 |3 erb |4 0 |6 270_000000000000000_BIL_2008 |7 0 |8 A |9 479048 |a BIBTEO |b BIBTEO |i 529603K |o 270 BIL 2008 |p 529603K |r 2025-01-17 |w 2019-11-24 |y BK |z Catalogado en:20160708 |k ICR | ||